Animal by Scientific Name - Statistics

General Stats
  • This quiz has been taken 17 times
  • The average score is 10 of 25
Answer Stats
Scientific Common % Correct
Ursus maritimus Polar Bear
88%
Canis lupus Grey Wolf
81%
Falco peregrinus Peregrine Falcon
81%
Vulpes vulpes Red Fox
81%
Cardinalis cardinalis Northern Cardinal
75%
Canis lupus arctos Arctic Wolf
69%
Panthera tigris altaica Siberian Tiger
63%
Vulpes lagopus Arctic Fox
56%
Pan troglodytes verus West African Chimpanzee
56%
Acinonyx jubatus Cheetah
50%
Panthera onca Black Jaguar
44%
Canis rufus Red Wolf
44%
Haliaeetus leucocephalus Bald Eagle
31%
Vulpes zerda Fennec Fox
31%
Aquila chrysaetos Golden Eagle
31%
Balaenoptera musculus Blue Whale
19%
Addax nasomaculatus Addax
13%
Aenocyon dirus Dire Wolf
13%
Bubo scandiacus Snowy Owl
13%
Loxodonta africana African Bush Elephant
6%
Vultur gryphus Andean Condor
6%
Lycalopex vetulus Hoary Fox
0%
Pteridophora alberti King of Saxony Bird-of-Paradise
0%
Glaucomys sabrinus Northern Flying Squirrel
0%
Crotalus atrox Western Diamondback Rattlesnake
0%
No matching quizzes found
Score Distribution
Percent of People with Each Score
Percentile by Number Answered
Your Score History
You have not taken this quiz